Statystyki dla Najpopularniejsze numery rapowe/trapowe tygodnia. 22-28.01

Kliknij tutaj aby rozwiązać quiz!

Ogólne statystyki

  • Ten quiz został rozwiązany 12 razy
  • Średni wynik to 16 z 30

Statystyki odpowiedzi

WykonawcaWyświetleniaUtwór% Poprawnych
Kabe1.60MNad ranem
91%
Wiatr feat. Sobel, Be Vis1.20MTestarossa
91%
ReTo594KBilly Kid
82%
Guzior2.23MBLUEBERRY
82%
Alberto777KDwutakt
82%
Guzior feat. Oskar831.75MFALA
82%
Kizo feat. Trill Pem780KFitness
82%
Sobel1.19MKinol
82%
Żabson feat. Vladimir Cauchemar1.03MOBOK
82%
Kali x Major feat. PlanBe792KCalifornia
73%
Qry feat. Mini Majk489KMały ale wariat
73%
Quebonafide feat. Daria Zawiałow593KBUBBLETEA
64%
Cheatz770Kgdzie jest stary dawid
64%
Josef Bratan x Malik Montana802KWuwua
64%
Kubańczyk503KLady Pank 2
55%
Kabe479KEuro
45%
Favst x Gibbs feat. Kukon488Khalo
45%
Wac Toja579KKapitan
45%
Major SPZ592KBAM BAM
36%
Florek feat. Młodypago, Piluś781KBuzi
36%
Kali x Major570KMona Lisa
36%
Szpaku1.31MNPC
36%
Szpaku feat. Chivas754KPotwór
36%
Szpaku feat. Dziarma1.12MWino
36%
Szpaku feat. Zdechły Osa540KZły
36%
KęKę1.18MMoja Gwardia
27%
PRO8L3M feat. Brodka728KŻar (Tak To Robię)
27%
Szpaku662KGG EASY
18%
Sobota629KJak nie wiadomo o co chodzi
18%
Tymek, Kuba Karaś, Urbanski709KOczko w głowie
18%

Rozkład punktacji

Percentyl według liczby udzielonych odpowiedzi

Procent ludzi z każdym wynikiem

Twoja historia wyników

Nie rozwiązałeś tego quizu